| 000 | 00602nam a2200229Ia 4500 | ||
|---|---|---|---|
| 005 | 20250425161606.0 | ||
| 008 | 250425s9999 xx 000 0 und d | ||
| 020 | _a843296901X | ||
| 041 | _aspa | ||
| 082 | _a621.32 | ||
| 100 | _aRAMIREZ VAZQUEZ, JOSE | ||
| 245 | 0 | _aBIBLIOTECA CEAC DE ELECTRICIDAD: SISTEMAS DE ILUMINACION PROYECTOS DE ALUMBRADO | |
| 250 | _a3A ED. | ||
| 260 | _aBARCELONA | ||
| 260 |
_aEspaƱa _bCEAC _c1983 |
||
| 300 | _a226 | ||
| 650 | _aEQUIPO DE ILUMINACION | ||
| 650 | _aILUMINACION ELECTRICA | ||
| 650 | _aLAMPARAS ELECTRICAS | ||
| 942 | _c01 | ||
| 010 | _a23834 | ||
| 999 |
_c212198 _d212198 |
||